[Event "Kinross USSA op"]
[Site "Kinross"]
[Date "2018.07.03"]
[Round "3"]
[White "Maredi, Alex Donald Lebogan"]
[Black "Baloyi, Sipho"]
[Result "0-1"]
[WhiteElo "1791"]
[BlackElo "1434"]
[PlyCount "118"]
[EventDate "2018.07.02"]
[EventType "swiss"]
[EventRounds "9"]
[EventCountry "RSA"]
[SourceTitle "CBM 185 Extra"]
[Source "ChessBase"]
[SourceDate "2018.07.29"]
[SourceVersion "1"]
[SourceVersionDate "2018.07.29"]
[SourceQuality "1"]

1. b3 Nf6 2. Nf3 e6 3. Bb2 Be7 4. c4 b6 5. g3 Bb7 6. Bg2 d5 7. 0-0 c5 8. e3 Nbd7 9. Nc3 0-0 10. Qe2 Ne4 11. cxd5 Nxc3 12. Bxc3 Bxd5 13. Bb2 Bb7 14. Bc3 Nf6 15. d4 Nd5 16. Bb2 Rc8 17. Rac1 Qd7 18. Rfd1 Rfd8 19. dxc5 Rxc5 20. Rxc5 Bxc5 21. Qd2 Qe7 22. h4 h6 23. Qe2 Nb4 24. Ba3 Rxd1+ 25. Qxd1 Nxa2 26. Bxc5 Qxc5 27. Qd8+ Qf8 28. Qc7 Qc8 29. Qe7 Nc1 30. b4 Ne2+ 31. Kh2 Bxf3 32. Bxf3 Nc3 33. e4 Nb5 34. e5 Nd4 35. Bg4 Qb8 36. Qd7 Nf5 37. Bxf5 exf5 38. Qxf5 a5 39. bxa5 bxa5 40. e6 fxe6 41. Qxa5 Qd6 42. Qa7 Kf8 43. Kh3 h5 44. Qa8+ Kf7 45. Qf3+ Kg6 46. Qe4+ Kh6 47. Qe3+ Kh7 48. Qe4+ Kh6 49. f3 Qd5 50. Qe3+ Kh7 51. g4 hxg4+ 52. fxg4 Kg8 53. h5 Kh7 54. Kg3 Qd6+ 55. Kh4 Qh2+ 56. Kg5 Qd6 57. Qe4+ Kg8 58. Kg6 e5+ 59. Kf5 Qf6# 0-1

[Event "South African op"]
[Site "Durban"]
[Date "2017.07.15"]
[Round "3"]
[White "Curry, Paul D"]
[Black "Baloyi, Sipho"]
[Result "0-1"]
[WhiteElo "1442"]
[BlackElo "1596"]
[PlyCount "68"]
[EventDate "2017.07.14"]
[EventType "swiss"]
[EventRounds "11"]
[EventCountry "RSA"]
[SourceTitle "EXT 2018"]
[Source "ChessBase"]
[SourceDate "2017.10.13"]
[SourceVersion "1"]
[SourceVersionDate "2017.10.13"]
[SourceQuality "1"]

1. d4 d5 2. c4 c6 3. Nc3 Nf6 4. cxd5 cxd5 5. Qc2 e6 6. e3 Be7 7. Bd3 Nc6 8. a3 Bd7 9. Nge2 Rc8 10. 0-0 Bd6 11. f3 0-0 12. e4 dxe4 13. fxe4 e5 14. d5 Nd4 15. Qd1 Bg4 16. Bg5 Be7 17. Kh1 Nxd5 18. Bxe7 Nxe7 19. Qe1 Nxe2 20. Bxe2 Bxe2 21. Qxe2 Nc6 22. Rad1 Nd4 23. Qg4 Rc6 24. Qg3 f6 25. Rd3 Rd6 26. Nd5 Ne6 27. Rfd1 Kh8 28. Qg4 Nd4 29. Rh3 Qd7 30. Qg6 h6 31. Rdd3 f5 32. Qg5 fxe4 33. Rd1 Rxd5 34. Qe3 Nf5 0-1